All NFL Quarterbacks Of The 2020s - Statistics

General Stats
  • This quiz has been taken 173 times
  • The average score is 162 of 222
Answer Stats
Hint Answer % Correct
Kansas City Chiefs 95 Patrick Mahomes
100%
San Francisco 49ers 45 Brock Purdy
98%
Indianapolis Colts 13 Daniel Jones
98%
New York Giants 57 Daniel Jones
98%
Cincinnati Bengals 77 Joe Burrow
98%
Chicago Bears 38 Justin Fields
98%
New York Jets 9 Justin Fields
98%
Pittsburgh Steelers 6 Justin Fields
98%
Baltimore Ravens 85 Lamar Jackson
98%
San Francisco 49ers 8 Mac Jones
98%
Jacksonville Jaguars 7 Mac Jones
98%
New England Patriots 42 Mac Jones
98%
Detroit Lions 16 Matthew Stafford
98%
Los Angeles Rams 74 Matthew Stafford
98%
Washington Commanders 6 Alex Smith
97%
Cleveland Browns 30 Baker Mayfield
97%
Tampa Bay Buccaneers 51 Baker Mayfield
97%
Carolina Panthers 6 Baker Mayfield
97%
Los Angeles Rams 4 Baker Mayfield
97%
Carolina Panthers 44 Bryce Young
97%
Chicago Bears 34 Caleb Williams
97%
Las Vegas Raiders 15 Geno Smith
97%
Seattle Seahawks 52 Geno Smith
97%
Cincinnati Bengals 6 Joe Flacco
97%
Cleveland Browns 9 Joe Flacco
97%
Indianapolis Colts 6 Joe Flacco
97%
New York Jets 8 Joe Flacco
97%
Atlanta Falcons 22 Kirk Cousins
97%
Minnesota Vikings 57 Kirk Cousins
97%
Denver Broncos 30 Russell Wilson
97%
New York Giants 3 Russell Wilson
97%
Seattle Seahawks 30 Russell Wilson
97%
Pittsburgh Steelers 11 Russell Wilson
97%
San Francisco 49ers 1 Sam Darnold
97%
New York Jets 12 Sam Darnold
97%
Carolina Panthers 17 Sam Darnold
97%
Seattle Seahawks 17 Sam Darnold
97%
Minnesota Vikings 17 Sam Darnold
97%
Tampa Bay Buccaneers 50 Tom Brady
97%
Jacksonville Jaguars 77 Trevor Lawrence
97%
New York Jets 33 Zach Wilson
97%
New York Jets 18 Aaron Rodgers
95%
Green Bay Packers 49 Aaron Rodgers
95%
Pittsburgh Steelers 16 Aaron Rodgers
95%
Indianapolis Colts 15 Anthony Richardson
95%
Houston Texans 46 CJ Stroud
95%
New England Patriots 29 Drake Maye
95%
Kansas City Chiefs 1 Gardner Minshew
95%
Indianapolis Colts 13 Gardner Minshew
95%
Philadelphia Eagles 4 Gardner Minshew
95%
Jacksonville Jaguars 8 Gardner Minshew
95%
Las Vegas Raiders 9 Gardner Minshew
95%
Washington Commanders 24 Jayden Daniels
95%
Los Angeles Chargers 93 Justin Herbert
95%
Arizona Cardinals 71 Kyler Murray
95%
Tennessee Titans 53 Ryan Tannehill
95%
Miami Dolphins 76 Tua Tagovailoa
95%
Denver Broncos 34 Bo Nix
93%
San Francisco 49ers 31 Jimmy Garoppolo
93%
Las Vegas Raiders 6 Jimmy Garoppolo
93%
Los Angeles Rams 1 Jimmy Garoppolo
93%
Dallas Cowboys 75 Dak Prescott
92%
Cleveland Browns 19 Deshaun Watson
92%
Houston Texans 16 Deshaun Watson
92%
Detroit Lions 82 Jared Goff
92%
Los Angeles Rams 15 Jared Goff
92%
Indianapolis Colts 19 Philip Rivers
92%
New Orleans Saints 14 Spencer Rattler
92%
San Francisco 49ers 1 Brandon Allen
90%
Cincinnati Bengals 6 Brandon Allen
90%
Las Vegas Raiders 47 Derek Carr
90%
New Orleans Saints 27 Derek Carr
90%
Cleveland Browns 11 Jacoby Brissett
90%
Arizona Cardinals 12 Jacoby Brissett
90%
Miami Dolphins 5 Jacoby Brissett
90%
New England Patriots 5 Jacoby Brissett
90%
Philadelphia Eagles 81 Jalen Hurts
90%
Cleveland Browns 7 Jameis Winston
90%
New York Giants 2 Jameis Winston
90%
New Orleans Saints 10 Jameis Winston
90%
Buffalo Bills 99 Josh Allen
90%
Washington Commanders 4 Kyle Allen
90%
Houston Texans 2 Kyle Allen
90%
Indianapolis Colts 12 Matt Ryan
90%
Atlanta Falcons 33 Matt Ryan
90%
Baltimore Ravens 1 Anthony Brown
88%
Pittsburgh Steelers 31 Ben Roethlisberger
88%
Tennessee Titans 17 Cam Ward
87%
Atlanta Falcons 9 Michael Penix Jr
87%
Chicago Bears 6 Andy Dalton
85%
Dallas Cowboys 9 Andy Dalton
85%
Carolina Panthers 7 Andy Dalton
85%
New Orleans Saints 14 Andy Dalton
85%
Kansas City Chiefs 1 Carson Wentz
85%
Indianapolis Colts 17 Carson Wentz
85%
Washington Commanders 7 Carson Wentz
85%
Philadelphia Eagles 12 Carson Wentz
85%
Los Angeles Rams 1 Carson Wentz
85%
Minnesota Vikings 5 Carson Wentz
85%
New York Giants 12 Jaxson Dart
85%
Minnesota Vikings 10 JJ McCarthy
85%
Green Bay Packers 47 Jordan Love
85%
Philadelphia Eagles 1 Kenny Pickett
85%
Las Vegas Raiders 2 Kenny Pickett
85%
Pittsburgh Steelers 24 Kenny Pickett
85%
Washington Commanders 8 Marcus Mariota
85%
Atlanta Falcons 13 Marcus Mariota
85%
Cincinnati Bengals 10 Jake Browning
83%
New Orleans Saints 9 Tyler Shough
83%
Carolina Panthers 5 Cam Newton
82%
New England Patriots 15 Cam Newton
82%
Green Bay Packers 2 Malik Willis
82%
Tennessee Titans 3 Malik Willis
82%
Miami Dolphins 5 Tyler Huntley
80%
Baltimore Ravens 11 Tyler Huntley
80%
Los Angeles Chargers 1 Tyrod Taylor
80%
New York Giants 5 Tyrod Taylor
80%
New York Jets 4 Tyrod Taylor
80%
Houston Texans 6 Tyrod Taylor
80%
Tennessee Titans 21 Will Levis
80%
Houston Texans 28 Davis Mills
78%
Denver Broncos 16 Drew Lock
78%
New York Giants 5 Drew Lock
78%
Seattle Seahawks 2 Drew Lock
78%
Chicago Bears 9 Mitchell Trubisky
78%
Buffalo Bills 1 Mitchell Trubisky
78%
Pittsburgh Steelers 7 Mitchell Trubisky
78%
San Francisco 49ers 4 Trey Lance
78%
Los Angeles Chargers 1 Trey Lance
78%
Dallas Cowboys 1 Trey Lance
78%
Dallas Cowboys 14 Cooper Rush
77%
Baltimore Ravens 2 Cooper Rush
77%
Washington Commanders 2 Josh Johnson
77%
Baltimore Ravens 1 Josh Johnson
77%
Cleveland Browns 7 Shedeur Sanders
75%
New Orleans Saints 12 Drew Brees
73%
Las Vegas Raiders 17 Aiden O'Connell
72%
Pittsburgh Steelers 6 Mason Rudolph
72%
Tennessee Titans 5 Mason Rudolph
72%
Denver Broncos 14 Teddy Bridgewater
70%
Miami Dolphins 2 Teddy Bridgewater
70%
Carolina Panthers 15 Teddy Bridgewater
70%
Cleveland Browns 5 Dorian Thompson-Robinson
68%
Washington Commanders 18 Sam Howell
68%
Chicago Bears 8 Nick Foles
67%
Indianapolis Colts 2 Nick Foles
67%
Washington Commanders 1 Ryan Fitzpatrick
67%
Miami Dolphins 7 Ryan Fitzpatrick
67%
Cleveland Browns 6 Dillon Gabriel
65%
Cleveland Browns 1 Bailey Zappe
63%
New England Patriots 8 Bailey Zappe
63%
Atlanta Falcons 17 Desmond Ridder
63%
Las Vegas Raiders 1 Desmond Ridder
63%
New York Jets 7 Mike White
63%
Los Angeles Chargers 4 Easton Stick
62%
Washington Commanders 24 Taylor Heinicke
62%
Atlanta Falcons 4 Taylor Heinicke
62%
New York Giants 8 Tommy DeVito
60%
San Francisco 49ers 1 Joshua Dobbs
58%
Arizona Cardinals 8 Joshua Dobbs
58%
Tennessee Titans 2 Joshua Dobbs
58%
Minnesota Vikings 4 Joshua Dobbs
58%
Miami Dolphins 3 Skylar Thompson
58%
San Francisco 49ers 8 Nick Mullens
57%
Cleveland Browns 1 Nick Mullens
57%
Minnesota Vikings 3 Nick Mullens
57%
Miami Dolphins 3 Quinn Ewers
55%
New Orleans Saints 9 Taysom Hill
55%
Chicago Bears 4 Tyson Bagent
53%
Cleveland Browns 2 PJ Walker
52%
Carolina Panthers 7 PJ Walker
52%
Baltimore Ravens 1 Robert Griffin III
52%
Denver Broncos 2 Jarrett Stidham
50%
Las Vegas Raiders 2 Jarrett Stidham
50%
Philadelphia Eagles 2 Tanner McKee
50%
Washington Commanders 6 Dwayne Haskins
48%
Kansas City Chiefs 1 Chad Henne
47%
New York Jets 4 Brady Cook
45%
San Francisco 49ers 2 CJ Beathard
43%
Jacksonville Jaguars 1 CJ Beathard
43%
Chicago Bears 1 Trevor Siemian
43%
New York Jets 3 Trevor Siemian
43%
New Orleans Saints 4 Trevor Siemian
43%
Kansas City Chiefs 1 Blaine Gabbert
42%
New England Patriots 2 Brian Hoyer
42%
Las Vegas Raiders 1 Brian Hoyer
42%
Arizona Cardinals 6 Colt McCoy
42%
New York Giants 2 Colt McCoy
42%
Cleveland Browns 2 Case Keenum
38%
Houston Texans 2 Case Keenum
38%
Los Angeles Rams 4 John Wolford
37%
Minnesota Vikings 2 Max Brosmer
37%
Dallas Cowboys 1 Ben DiNucci
35%
Kansas City Chiefs 2 Chris Oladokun
35%
Minnesota Vikings 2 Jaren Hall
35%
New York Giants 4 Mike Glennon
35%
Jacksonville Jaguars 5 Mike Glennon
35%
Denver Broncos 3 Brett Rypien
33%
Los Angeles Rams 1 Brett Rypien
33%
New York Giants 2 Jake Fromm
33%
Indianapolis Colts 1 Riley Leonard
33%
Indianapolis Colts 3 Sam Ehlinger
33%
Chicago Bears 1 Nathan Peterman
32%
Arizona Cardinals 1 Clayton Tune
30%
Green Bay Packers 1 Clayton Tune
30%
Arizona Cardinals 1 Trace McSorley
30%
Arizona Cardinals 2 David Blough
28%
New Orleans Saints 1 Ian Book
28%
Denver Broncos 1 Jeff Driskel
28%
Cleveland Browns 1 Jeff Driskel
28%
Houston Texans 1 Jeff Driskel
28%
Washington Commanders 1 Garrett Gilbert
27%
Dallas Cowboys 1 Garrett Gilbert
27%
New Orleans Saints 1 Jake Haener
27%
Cincinnati Bengals 1 Ryan Finley
25%
Los Angeles Rams 1 Bryce Perkins
23%
New York Giants 1 Davis Webb
23%
Denver Broncos 1 Kendall Hinton
23%
Minnesota Vikings 1 Sean Mannion
23%
Jacksonville Jaguars 3 Jake Luton
22%
New York Jets 2 Tim Boyle
22%
Detroit Lions 3 Tim Boyle
22%
No matching quizzes found
Score Distribution
Percent of People with Each Score
Percentile by Number Answered
Your Score History
You have not taken this quiz